Бумаги по разным предметам по Московскому театру

Доступно только в Электронных читальных залах Найти на картеНа карте
RUSMARC
00003910nmc2a22000003x 450
0011001b2c3-7704-440f-b07b-0d8aedc8b21e
00520181009224530.0
100##$a20161223l18211821k l0rusy0189 ca
1010#$arus
102##$aRU
2001#$aБумаги по разным предметам по Московскому театру
$j4 января - 30 ноября 1821 г.
251##$cДело
300##$aДело
300##$aОриг. заголовок дела: Разные производства по Московскому театру. 4 января 1821 г. - 30 ноября 1821 г
801#0$aRU
$bРГИА
$c20161223
$gRCR
801#1$aRU
$bГлавНИВЦ
$c20161223
$2rusmarc
801#2$aRU
$bПБ им. Б.Н. Ельцина
$c20181009
$gRCR
$2rusmarc
850##$aРГИА
852##$aРГИА
$eФедеральное казенное учреждение "Российский государственный исторический архив" (РГИА)
$j2201
937##$hРГИА
$d12236182
$aASBIBLIO_SCAN
462#0$1001dd3991dc-24e1-42ec-8838-ca4255420416
$12001
$a1746-1850 гг.
$1251
$cОпись
$1852
$j1
461#0$10019264ebf8-de62-4f1a-9eb4-9f22098dbbd5
$12001
$aДирекция императорских театров МИДв
$1251
$cФонд
$1852
$j497
215##$a125 л.
$d36,5х26 см
371##$aДокумент не является опубликованным и широко распространяемым
105##$ay###
1222#$ad
5171#$aРазные производства по Московскому театру. 4 января 1821 г. - 30 ноября 1821 г
035##$a1001b2c3-7704-440f-b07b-0d8aedc8b21e
856##$uhttp://readingroom.main.prlib.ru/item.aspx?id_node=n119111119&mode=full
Формат отображения